Les joueurs ayant le plus joué avec Antoine Griezmann - Statistiques

Statistiques générales
  • Ce quiz a été pris 290 fois
  • Le résultat moyen est 7 sur 10
Statistiques - réponses
Poste Nationalité Réponse % Correct
GK Slovénie Jan Oblak
97%
MC Espagne Koke
89%
DC Uruguay Diego Godin
82%
MG Belgique Yannick Carrasco
76%
DC Uruguay Jose Maria Gimenez
67%
MC Espagne Saul Niguez
62%
DC Monténégro Stefan Savic
60%
BU Argentine Angel Correa
51%
DD Espagne Juanfran
42%
MC Espagne Gabi
32%
Aucun quiz correspondant
Distribution des résultats
% des personnes avec chaque résultat
Percentile par nombre de réponses
Votre historique - résultats
Vous n’avez pas pris ce quiz